000 00434nam a22001697a 4500
008 180910b xxu||||| |||| 00| | tur d
020 _a9755451420
041 _atur
050 _aPL248.B85
100 _aBuyrukçu, Muzaffer
_91147
245 _a Akan Sular Şarap Olsa
250 _a1.Basım
260 _aİstanbul
_bTelos Yayıncılık
_cKasım 1998
300 _a372 Sayfa
650 0 _9145
_aTürk Edebiyatı
942 _2lcc
_cBK
999 _c2453
_d2412